书目信息 |
| 题名: |
领导干部一定要讲政治
|
|
| 作者: | 郑科扬 , 刘海藩 主编 | |
| 分册: | ||
| 出版信息: | 北京 中共中央党校出版社 1996.03 |
|
| 页数: | 194页 | |
| 开本: | 32开 | |
| 丛书名: | ||
| 单 册: | ||
| 中图分类: | D261.3 | |
| 科图分类: | ||
| 主题词: | 中国共产党 | |
| 电子资源: | ||
| ISBN: | 7-5035-1385-3 | |
| 000 | 00624nam0 2200205 45 | |
| 001 | 0010051055 | |
| 005 | 20001005100544.4 | |
| 010 | @a7-5035-1385-3@d9.80元 | |
| 100 | @a20001005d1996 km y0chiy0120 ea | |
| 101 | 0 | @achi |
| 105 | @a z 000yy | |
| 200 | 1 | @a领导干部一定要讲政治@ALing Dao Gan Bu Yi Ding Yao Jiang Zheng Zhi@f郑科扬,刘海藩主编@FZheng Ke Yang,Liu Hai Fan Zhu Bian |
| 210 | @a北京@c中共中央党校出版社@d1996.03 | |
| 215 | @a194页@d32开 | |
| 606 | 0 | @a中国共产党 |
| 690 | @aD261.3@v3 | |
| 701 | 0 | @a郑科扬@4主编 |
| 701 | 0 | @a刘海藩@4主编 |
| 801 | @aCN@bPftUser@c20001005 | |
| 905 | @b166166@dD261.3@eZH916@f1 | |
| 领导干部一定要讲政治/郑科扬,刘海藩主编.-北京:中共中央党校出版社,1996.03 |
| 194页;32开 |
| ISBN 7-5035-1385-3:9.80元 |
| ● |
| 相关链接 |
|
|
|
正题名:领导干部一定要讲政治
索取号:D261.3/ZH916
 
预约/预借
| 序号 | 登录号 | 条形码 | 馆藏地/架位号 | 状态 | 备注 |
| 1 | 166133 | 201661335 | 社科库509/509社科库 69排5列2层/ [索取号:D261.3/ZH916] | 在馆 |